Proceedings of the 15th mini conference on vehicle system dynamics, identification and anomalies : VSDIA 2016 ; Budapest University of Technology and Economics, Budapest, Hungary, 7-9 November, 2017 /
Gespeichert in:
| Weitere Verfasser: | |
|---|---|
| Format: | Tagungsbericht Buch |
| Sprache: | Englisch |
| Veröffentlicht: |
Budapest :
Budapest University of Technology and Economics,
2016
|
| Schlagworte: | |
| ISBN: | 9789633132661 |
| Online-Zugang: |
|
| Tags: |
Tag hinzufügen
Keine Tags, Fügen Sie den ersten Tag hinzu!
|
MARC
| LEADER | 00000nam a2200000 4500 | ||
|---|---|---|---|
| 003 | SK-BrCVT | ||
| 005 | 20220621183013.0 | ||
| 006 | aadloe 100 0 | ||
| 008 | 160701s2017####hu adloe 100 0eng#d | ||
| 020 | |a 9789633132661 |q (brož.) |c 100,00 | ||
| 035 | |a CVTIDW0068330 | ||
| 040 | |a CVT |b slo |c CVT |e AACR2 | ||
| 041 | 0 | |a eng |h eng |b eng | |
| 044 | |a hu |c HU | ||
| 080 | |a 656.1 |2 2008 | ||
| 080 | |a 629.331 |2 2008 | ||
| 111 | 2 | |a Vehicle system dynamics, identification and anomalies |n (15th mini conference |d 7-9 November, 2016 |c Budapest, Hungary) |4 orm | |
| 245 | 1 | 0 | |a Proceedings of the 15th mini conference on vehicle system dynamics, identification and anomalies : |b VSDIA 2016 ; Budapest University of Technology and Economics, Budapest, Hungary, 7-9 November, 2017 / |c edited by: István Zobory |
| 246 | 1 | |a VSDIA 2016 | |
| 246 | 1 | 0 | |a Vehicle system dynamics, identification and anomalies |
| 260 | |a Budapest : |b Budapest University of Technology and Economics, |c 2016 | ||
| 300 | |a 364 s. : |b fotogr., grafy, lit., obr., tab. ; |c 24 cm | ||
| 653 | 1 | |a cestná doprava | |
| 653 | 1 | |a automobil | |
| 655 | 7 | |a zborníky |2 SNKPH | |
| 700 | 1 | |a Zobory, István |4 edt | |
| 852 | |a CVTISR |b 1 | ||
| 910 | |b A626980 | ||
| 919 | |a 978-963-313-266-1 | ||
| 959 | |a 40 | ||
| 974 | |a gabriela.miklankova |f Knihy | ||
| 992 | |a AZN | ||
| 999 | |c 262266 |d 262266 | ||

